000 00416nam a2200181Ia 4500
008 210210b1904 xxu||||| |||| 00| 0 eng d
041 _aeng
082 _a822/1252
100 _aWALTON (I)
245 _aCompleat angler: Ephemers Ed
260 _aLondon
_bNot Mentioned
_c1904
650 _aEphemers
650 _aEd
650 _aCompleat
650 _aangler:
690 _aEnglish Prose
906 _a013434
999 _c132303
_d132303